000
00249nam a22001217a 4500
008
260116b ||||| |||| 00| 0 eng d
041
_a
eng
080
_a
0001
100
_a
02
101
_a
MED
245
_a
Pediatrics
_c
Epidemic
942
_2
lcc
_c
BK
999
_c
60756
_d
60756